Quizzes
Events
Quiz Creation
Community
Videos
Private Events
Remove Ads
Sign In
Join for FREE
Feedback
Dark Mode
Quiz Categories
Sports
Geography
Music
Movies
Television
Just For Fun
Miscellaneous
History
Literature
Language
Science
Gaming
Entertainment
Religion
Holiday
For Kids
Quiz Lab
Recent
Popular Today
Quiz Kudos Today
Editor Picks
Curator Picks
Quizzes by...
Day
Popularity
Type
Ratings
Length
Year
Community
Subscriptions
Recent Discussions
Orange Saloon
Badges
Playlists
Quests
Create
Leaderboards
Showdown
Live 5
Trivia Bingo
Activity
Puzzle Library
Sporcle Events
Private Events
Virtual Trivia
Globe League
Become a Host
Pub Owners
SporcleCon
Opinionation
Our Games
Videos
Blog
Mobile Apps
Partnerships
Remove Ads and Go Orange
Feedback
Sports
Athletes
MLB
NBA
NHL
NFL
Soccer
Sports Teams
WWE
NCAA
Football
Premier League
Basketball
Baseball
Hockey
Golf
Tennis
Cricket
Rugby
Auto Racing
Olympics
World Cup
Sports
Athletes
MLB
NBA
NHL
NFL
Soccer
Sports Teams
WWE
NCAA
Football
Premier League
Basketball
Baseball
Hockey
Golf
Tennis
Cricket
Rugby
Auto Racing
Olympics
World Cup
Random Quiz
Search Sporcle
×
Quiz Lab
Quiz Lab
Sports
Premier League
Type in answers that appear in a list
Type in answers that appear in a list
Classic
Best Score? Go Orange.
Premier League transfers 2011/2012 Stats
Can you name the Premier League transfers 2011/2012?
By
Kengerle
10m
52 Questions
248 Plays
248 Plays
248 Plays
Comments
Comments
Give Quiz Kudos
Give Quiz Kudos
-
- Ratings
hide this ad
Replay
Link that replays current quiz
Next Quiz
Link to next quiz in quiz playlist
You Got
0%
They Got
Avg Score
42%
Avg Friend Score
Upgrade to see
Score Distribution
Jump to the score distribution portion of the page
Score
0/52
Timer
10:00
0
Plays Today
From-To Club
% Correct
Birmingham-
Wolves
Johnson
77.4%
Man U-
Sunderland
Brown
77.4%
Leeds-
Norwich
Johnson
77.4%
Preston-
WBA
Jones
75%
Man U-
Sunderland
O Shea
75%
Aston Villa-
Man U
Young
75%
Blackburn-
Man U
Jones
75%
Atletico Madrid-
Man U
De Gea
74.2%
West Ham-
Newcastle
Ba
72.2%
Blackpool-
Liverpool
Adam
72.2%
Sunderland-
Liverpool
Henderson
70.6%
Aston Villa-
Tottenham
Friedel
69.4%
Aston Villa-
Liverpool
Downing
67.7%
Tottenham-
Wolves
O Hara
62.9%
Arsenal-
Man City
Clichy
62.1%
Lille-
Arsenal
Gervinho
60.9%
Bolton-
Wigan
Al Habsi
58.9%
Lille-
Newcastle
Cabaye
56.5%
Roma-
Fulham
Riise
54.4%
Roma-
Liverpool
Doni
53.6%
Blackpool-
Sunderland
Vaughan
49.2%
Everton-
Norwich
Vaughan
49.2%
Ipswich-
Sunderland
Wickham
48.8%
Watford-
Swansea
Graham
46.8%
Birmingham-
Sunderland
Larsson
46.4%
Birmingham-
Sunderland
Gardner
46%
From-To Club
% Correct
Partizan-
Man City
Savic
43.5%
Charlton-
Arsenal
Jenkinson
41.9%
Tottenham-
Stoke
Woodgate
41.1%
Cardiff-
QPR
Bothroyd
38.3%
Swansea-
Wolves
De Vries
35.9%
Coventry-
Sunderland
Westwood
32.7%
Millwall-
Norwich
Morison
32.7%
Chunnam Dragons-
Sunderland
Ji
30.2%
Swansea-
Bolton
Pratley
27%
Rennes-
Newcastle
Marveaux
26.2%
Huddersfield-
Norwich
Pilkington
25.8%
Ipswich-
WBA
McAuley
23.4%
Genk-
Chelsea
Courtois
21.8%
West Ham-
QPR
Dyer
20.6%
Enppi-
Sunderland
Elmohamady
17.3%
Brighton-
Norwich
Bennett
16.5%
Sao Paulo-
Chelsea
Piazon
14.5%
Benfica-
Swansea
Moreira
12.1%
Lens-
Newcastle
Abeid
11.3%
Newcastle-
QPR
Routledge
9.3%
Darlington-
Fulham
Burn
4.8%
River Plate-
Blackburn
Pavone
3.6%
Leyton-
Blackburn
Anderson
2.4%
Rakospalota-
Fulham
Somogyi
1.6%
Arsenal-
Sunderland
Deacon
1.2%
AKA Austria-
Stoke
Bachmann
0.8%
Quiz Playlist
Details
Report
Send in Message
Add To Playlist
Classic:
Type in answers that appear in a list
Last Updated: Feb 16, 2017
Quiz Scoreboard
CHALLENGE
Sign Up to Join the Scoreboard
Show All
Scores
Hide
Comments
May contain spoilers
Recently Published
Alphabetical 'K' Countries by Flag Minefield
by ylime102
Geography
3m
Pick 6: Fruits
by JohnFran
Miscellaneous
15s
Click the 1999 NBA Draft
by nibperrychub
Sports
2m
More to Explore
Quiz From the Vault
Featured Blog Post
15 Basketball Trivia Facts You Can Be March Mad About
hide this ad
You Might Also Like...
Tags
Football Quiz
Premier League Quiz
Transfer
Today's Top Quizzes in Sports
Browse Sports
hide this ad
Today's Top Quizzes in Premier League
Browse Premier League
Top Contributed Quizzes in Sports
1
Don't Strike Out: 3000 Strikeouts
2
MLB 2 truths and a lie: Hall of Fame pitchers
3
MLB Players with Two .350 Batting Average Seasons
4
Last 10 Members of the 500 HR Club in Order
5
Criteria MLB: Left Handed Sluggers
6
One Time Final Four Teams
7
Millionaire: NBA Finals Edition
8
MLB Teams by First Game
9
Pitchers With Multiple No-Hitters
10
Pick 6: NFL Teams
Explore More
Trending Topics
Disney
Harry Potter
NBA
Anime
Marvel
Crossword
Kpop
Pokémon
Country
Soccer
The Office
NFL
Song
WWE
Puzzle
hide this ad
More By:
Kengerle
Quiz
Plays
Rating
Category
Featured
Created
Premier League transfers 2011/2012
248
4.00
Sports
Jul 20, 2011
Go to Creator's Profile
Score Distribution
Quiz Creator Spotlight
Kengerle
Follow
Send a Message
Quizzes Created
-
Created Quiz Play Count
-
More By This Creator
Popular Quizzes Today
1
Find the US States - No Outlines Minefield
2
Countries of Asia Without Outlines Minefield
3
Pick 6: Fruits
4
Alphabetical 'K' Countries by Flag Minefield
5
The Countries of the World
6
Click the 1999 NBA Draft
7
Find the US States
8
Match the Book to the Film X
More Sports Quizzes
3 Homer Postseason Games
Curator's Pick
Trending Quizzes
Pick 6: Harry Potter
Pick 6: Golfers
Pick 6: Movie Franchises
Pick 6: Foods
Pick 6: Landmarks
Recently Updated
Women's Final Four Teams by Year
bhenderson79
Presidents Quartet II
eogle
Anything But Clue(do)
eogle
Anything But Oceanian Capitals
eogle
Anything But 7
eogle
Anything But Thing
eogle
Word Ladder: February 29
pecheneg
Song Title Questions
pecheneg
Women's NCAA Tournament #1 Seeds
pecheneg
Celebrity Mug Shots
pecheneg
Trending Topics
NBA
Harry Potter
Anime
Marvel
Disney
Kpop
Crossword
Country
Puzzle
Soccer
Song
Pokémon
WWE
NFL
The Office
Your Account Isn't Verified!
In order to create a playlist on Sporcle, you need to verify the email address you used during registration. Go to your
Sporcle Settings
to finish the process.
Report this User
Report this user for behavior that violates our
Community Guidelines
.
Details:
Send Report
Go to the Sporcle.com Mobile Site →
Comments